AC power systems /
Salvato in:
| Autore principale: | |
|---|---|
| Natura: | Libro |
| Lingua: | inglese |
| Pubblicazione: |
Boca Raton :
CRC Press,
1991
|
| Edizione: | 1.vyd. |
| Soggetti: | |
| Tags: |
Nessun Tag, puoi essere il primo ad aggiungerne!!
|
MARC
| LEADER | 00000nam a22000003a 4500 | ||
|---|---|---|---|
| 001 | stu5259 | ||
| 005 | 20150617225811.8 | ||
| 008 | 940308s1991----xxu-----------------eng-d | ||
| 020 | |a 0-8493-7412-X | ||
| 040 | |a STU |b slo | ||
| 041 | 0 | |a eng | |
| 044 | |a xxu | ||
| 080 | |a 621.311.4 |7 stu_us_auth*stu6906 | ||
| 080 | |a 621.316.13 | ||
| 100 | 1 | |a Whitaker, Jerry C |4 aut | |
| 245 | 1 | |a AC power systems / |c [aut.] Whitaker,Jerry C | |
| 250 | |a 1.vyd. | ||
| 260 | |a Boca Raton : |b CRC Press, |c 1991 | ||
| 300 | |a 327 s | ||
| 650 | 7 | |a striedavý prúd |2 stusub | |
| 650 | 7 | |a trojfázové siete |2 stusub | |
| 650 | 7 | |a zariadenia pre dodávku striedavého prúdu |2 stusub | |
| 996 | |b E78887 |c E*78887 |l EE12 |s P |a 0 |w stu5259_0001 | ||